[Event "TUR-chT 2nd League"]
[Site "Denizli"]
[Date "2023.07.11"]
[Round "4.114"]
[White "Cekicoglu, Baris"]
[Black "Kartalkanat, Ali Can"]
[Result "1-0"]
[WhiteElo "1666"]
[BlackElo "1790"]
[PlyCount "79"]
[EventDate "2023.07.09"]
[EventType "team-swiss"]
[EventRounds "9"]
[EventCountry "TUR"]
[SourceTitle "CBM 215 Extra"]
[Source "ChessBase"]
[SourceDate "2023.09.30"]
[SourceVersion "1"]
[SourceVersionDate "2023.09.30"]
[SourceQuality "1"]
[WhiteTeam "Calli Spor"]
[BlackTeam "Sisli"]
[WhiteTeamCountry "TUR"]
[BlackTeamCountry "TUR"]

1. c4 e6 2. Nc3 d5 3. d4 Be7 4. cxd5 exd5 5. Qc2 c6 6. Bf4 Nf6 7. e3 Bd6 8. Bg3 Bxg3 9. hxg3 g6 10. Bd3 Nbd7 11. Nf3 0-0 12. 0-0-0 Qe7 13. Ng5 c5 14. Nh3 c4 15. Be2 Nb6 16. Bf3 Bf5 17. Qe2 Bd3 18. Qe1 Rfd8 19. Nf4 Bf5 20. Rh6 Kg7 21. Qh1 g5 22. Rxf6 Kxf6 23. Nfxd5+ Nxd5 24. Nxd5+ Rxd5 25. Bxd5 c3 26. Qe1 Rc8 27. e4 Qb4 28. Bb3 Bd7 29. Qe3 cxb2+ 30. Kxb2 Qe7 31. f4 g4 32. f5 Kg7 33. Qf4 h5 34. f6+ Qxf6 35. Qxf6+ Kxf6 36. Rf1+ Kg5 37. Rxf7 Rd8 38. d5 h4 39. gxh4+ Kxh4 40. e5 1-0

[Event "TUR-chT 2nd League"]
[Site "Denizli"]
[Date "2023.07.09"]
[Round "1.124"]
[White "Kartalkanat, Ali Can"]
[Black "Durak, Ahmet"]
[Result "1-0"]
[WhiteElo "1790"]
[BlackElo "1741"]
[PlyCount "126"]
[EventDate "2023.07.09"]
[EventType "team-swiss"]
[EventRounds "9"]
[EventCountry "TUR"]
[SourceTitle "CBM 215 Extra"]
[Source "ChessBase"]
[SourceDate "2023.09.30"]
[SourceVersion "1"]
[SourceVersionDate "2023.09.30"]
[SourceQuality "1"]
[WhiteTeam "Sisli"]
[BlackTeam "Bitlis Ihtisas Egitim"]
[WhiteTeamCountry "TUR"]
[BlackTeamCountry "TUR"]

1. d4 Nf6 2. c4 g6 3. Nc3 Bg7 4. e4 d6 5. f3 0-0 6. Be3 c6 7. Nge2 Qa5 8. Qd2 b5 9. Ng3 b4 10. Nd1 Re8 11. Bd3 e5 12. d5 h5 13. 0-0 Nfd7 14. dxc6 Nxc6 15. Nf2 Nc5 16. Rfd1 Ne6 17. Ne2 Ned4 18. Nxd4 exd4 19. Bh6 Bh8 20. f4 Kh7 21. Bg5 Qc5 22. Rf1 Bd7 23. Rae1 Bg7 24. Qd1 Rf8 25. e5 dxe5 26. fxe5 Bg4 27. Nxg4 hxg4 28. Bf6 Bxf6 29. exf6 Qg5 30. Be4 Rac8 31. Bxc6 Rxc6 32. Qxd4 Rc5 33. Qf4 Kh6 34. Re7 Qxf4 35. Rxf4 Kg5 36. g3 a5 37. Kf2 Kh5 38. Ree4 g5 39. Rxg4 Rf5+ 40. Kg2 Rd8 41. Rd4 Rxd4 42. Rxd4 Rxf6 43. c5 Rc6 44. Rc4 f5 45. Kf3 Kg6 46. Ke3 Kf6 47. Kd4 Ke6 48. Rc2 Kd7 49. Ke5 f4 50. gxf4 gxf4 51. Kxf4 Rh6 52. Kg5 Rh3 53. c6+ Kc7 54. Kg4 Re3 55. Kf5 a4 56. Kf4 Rh3 57. Kg4 b3 58. axb3 axb3 59. Rd2 Re3 60. h4 Kxc6 61. h5 Kc5 62. h6 Re1 63. Rh2 Re8 1-0

[Event "TUR-chT 2nd League"]
[Site "Konya"]
[Date "2022.08.25"]
[Round "6.8"]
[White "Kartalkanat, Ali Can"]
[Black "Yildiz, Talat"]
[Result "0-1"]
[WhiteElo "1873"]
[BlackElo "1819"]
[PlyCount "135"]
[EventDate "2022.08.22"]
[EventType "team-swiss"]
[EventRounds "9"]
[EventCountry "TUR"]
[SourceTitle "CBM 210 Extra"]
[Source "ChessBase"]
[SourceDate "2022.11.30"]
[SourceVersion "1"]
[SourceVersionDate "2022.11.30"]
[SourceQuality "1"]
[WhiteTeam "Istanbul Sisli"]
[BlackTeam "Cesme Belediye"]
[WhiteTeamCountry "TUR"]
[BlackTeamCountry "TUR"]

1. d4 c5 2. d5 Nf6 3. Nf3 g6 4. Nc3 d6 5. e4 Bg7 6. Bb5+ Bd7 7. a4 0-0 8. 0-0 Bg4 9. Bf4 Nbd7 10. h3 Bxf3 11. Qxf3 a6 12. Be2 Nh5 13. Bh2 Bd4 14. Qd3 Ng7 15. Nd1 f5 16. c3 Bf6 17. exf5 Nxf5 18. Ne3 Bg7 19. Nxf5 gxf5 20. Rfe1 Ne5 21. Qd2 Qd7 22. f4 Ng6 23. Bd3 Kh8 24. Qc2 Rf6 25. Re2 Raf8 26. Rae1 b5 27. axb5 axb5 28. Re3 c4 29. Be2 Qa7 30. Bh5 e6 31. Kh1 exd5 32. Bxg6 Rxg6 33. Re7 Qa8 34. Bg1 d4 35. Bxd4 Bxd4 36. cxd4 Qd5 37. Re8 Rfg8 38. Rxg8+ Rxg8 39. Qf2 b4 40. Kh2 c3 41. bxc3 bxc3 42. Rc1 Rc8 43. Qe3 c2 44. Qd3 Qe4 45. Qxe4 fxe4 46. Kg3 Rc3+ 47. Kf2 d5 48. Ke2 Kg7 49. Kd2 Rg3 50. Rg1 Kf6 51. Kxc2 Kf5 52. Kd2 Kxf4 53. Ke2 Re3+ 54. Kf2 Rd3 55. g3+ Kf5 56. Ke2 Rxd4 57. Rf1+ Ke5 58. Rf7 Rd3 59. Rxh7 Rxg3 60. h4 Kd4 61. Ra7 Rh3 62. Rh7 Rh2+ 63. Ke1 Ke3 64. Kf1 d4 65. Kg1 Ra2 66. h5 d3 67. Rf7 Ra1+ 68. Kg2 0-1

[Event "TUR-chT 2nd League"]
[Site "Konya"]
[Date "2019.07.26"]
[Round "7.6"]
[White "Cetinkaya, Umut Can"]
[Black "Kartalkanat, Ali Can"]
[Result "1-0"]
[WhiteElo "1639"]
[BlackElo "1728"]
[PlyCount "78"]
[EventDate "2019.07.22"]
[EventType "team-swiss"]
[EventRounds "9"]
[EventCountry "TUR"]
[SourceTitle "CBM 191 Extra"]
[Source "ChessBase"]
[SourceDate "2019.09.30"]
[SourceVersion "1"]
[SourceVersionDate "2019.09.30"]
[SourceQuality "1"]
[WhiteTeam "Denizli Ihtisas"]
[BlackTeam "Istanbul Sisli"]
[WhiteTeamCountry "TUR"]
[BlackTeamCountry "TUR"]

1. e4 e6 2. d4 d5 3. Nd2 Nf6 4. e5 Nfd7 5. Bd3 c5 6. c3 Nc6 7. Ngf3 g6 8. 0-0 Bg7 9. Re1 0-0 10. Nf1 cxd4 11. cxd4 Qb6 12. Bb1 f6 13. exf6 Nxf6 14. Ng3 Ng4 15. h3 Nh6 16. Ne2 Kh8 17. Nc3 Nf5 18. Bxf5 Rxf5 19. Na4 Qc7 20. Be3 Bd7 21. Nc5 Raf8 22. Rc1 b6 23. Nxd7 Qxd7 24. Qa4 Rc8 25. Ne5 Bxe5 26. dxe5 Rff8 27. Bh6 Rfe8 28. Qf4 d4 29. Rc4 Kg8 30. Qf6 Qf7 31. Rec1 Ne7 32. Rc7 d3 33. Kh2 Red8 34. Rxa7 d2 35. Rd1 Rd5 36. Rxd2 Rxd2 37. Bxd2 Qg7 38. Qxg7+ Kxg7 39. Bg5 Kf7 1-0

[Event "Paracin Summer op-B 12th"]
[Site "Paracin"]
[Date "2019.07.12"]
[Round "9"]
[White "Petrov, Anton"]
[Black "Kartalkanat, Ali Can"]
[Result "0-1"]
[WhiteElo "1952"]
[BlackElo "1728"]
[PlyCount "46"]
[EventDate "2019.07.05"]
[EventType "swiss"]
[EventRounds "9"]
[EventCountry "SRB"]
[SourceTitle "EXT 2020"]
[Source "ChessBase"]
[SourceDate "2019.10.17"]
[SourceVersion "1"]
[SourceVersionDate "2019.10.17"]
[SourceQuality "1"]

1. e4 e6 2. d4 d5 3. exd5 exd5 4. Bd3 Nc6 5. c3 Bd6 6. Qf3 Nge7 7. Ne2 Be6 8. Nf4 Qd7 9. h3 Bf5 10. 0-0 Bxd3 11. Nxd3 0-0-0 12. b4 f6 13. a4 g5 14. Na3 h5 15. Nb5 g4 16. Nxd6+ cxd6 17. hxg4 hxg4 18. Qf4 Nf5 19. Re1 Qh7 20. Kf1 Nfxd4 21. cxd4 Qxd3+ 22. Kg1 Nxd4 23. Qe3 Qh7 0-1

[Event "Paracin Summer op-B 12th"]
[Site "Paracin"]
[Date "2019.07.10"]
[Round "7"]
[White "Kartalkanat, Ali Can"]
[Black "Djordjevic, Miroslav"]
[Result "1-0"]
[WhiteElo "1728"]
[BlackElo "1942"]
[PlyCount "60"]
[EventDate "2019.07.05"]
[EventType "swiss"]
[EventRounds "9"]
[EventCountry "SRB"]
[SourceTitle "EXT 2020"]
[Source "ChessBase"]
[SourceDate "2019.10.17"]
[SourceVersion "1"]
[SourceVersionDate "2019.10.17"]
[SourceQuality "1"]

1. d4 d5 2. Bf4 Nf6 3. e3 c6 4. c4 e6 5. Nc3 Bd6 6. Bxd6 Qxd6 7. Nf3 Nbd7 8. cxd5 exd5 9. Bd3 0-0 10. 0-0 Re8 11. Qc2 Nf8 12. h3 b6 13. Rac1 Bb7 14. Rfd1 Rac8 15. Qa4 N8d7 16. Qxa7 Ra8 17. Qxb7 Reb8 18. Nb5 cxb5 19. Qc7 Qxc7 20. Rxc7 Rxa2 21. Bxb5 Nf8 22. Rc2 Ra5 23. Bd3 N8d7 24. Rdc1 g6 25. Rc7 Ra2 26. Ne5 Nxe5 27. dxe5 Ne4 28. Rc8+ Rxc8 29. Rxc8+ Kg7 30. Bxe4 dxe4 1-0

[Event "TUR-chT 2nd League"]
[Site "Konya"]
[Date "2018.07.20"]
[Round "7.13"]
[White "Kartalkanat, Ali Can"]
[Black "Alkan, Ferman"]
[Result "0-1"]
[WhiteElo "1778"]
[BlackElo "1830"]
[PlyCount "70"]
[EventDate "2018.07.16"]
[EventType "team-swiss"]
[EventRounds "9"]
[EventCountry "TUR"]
[SourceTitle "EXT 2019"]
[Source "ChessBase"]
[SourceDate "2018.10.10"]
[SourceVersion "1"]
[SourceVersionDate "2018.10.10"]
[SourceQuality "1"]
[WhiteTeam "Istanbul Sisli"]
[BlackTeam "Gaziantep Sader"]
[WhiteTeamCountry "TUR"]
[BlackTeamCountry "TUR"]

1. d4 Nf6 2. Nf3 g6 3. Bg5 Bg7 4. Nbd2 d5 5. e3 c6 6. Bd3 Nbd7 7. c3 0-0 8. h3 Re8 9. Bf4 Nh5 10. Bh2 Bh8 11. g4 Ng7 12. Qe2 f6 13. 0-0-0 e5 14. dxe5 fxe5 15. e4 Ne6 16. Qe3 d4 17. cxd4 exd4 18. Qe2 Ndc5 19. Nc4 Nxd3+ 20. Qxd3 Nc5 21. Qa3 Nxe4 22. Rde1 Qd5 23. Nfd2 Bd7 24. Nxe4 Qxc4+ 25. Kd2 Qd5 26. f3 b6 27. h4 c5 28. h5 c4 29. hxg6 hxg6 30. g5 Bf5 31. Nf6+ Bxf6 32. gxf6 c3+ 33. bxc3 dxc3+ 34. Kxc3 Rac8+ 35. Kb2 Rc2+ 0-1